LEADER 01501nas0-2200457---450- 001 990000819070203316 005 20070410161515.0 011 $a0065-2539 035 $a0081907 035 $aUSA010081907 035 $a(ALEPH)000081907USA01 035 $a0081907 100 $a20011220a----9999km-y0itay01------ba 101 $aeng 102 $aUS 110 $aayy-||||||| 200 1 $aAdvances in electronics and electron physics 207 $a[1954-1994] 210 $aNew York$cAcademic press 326 $aIrregolare 440 1$1001000289881$12001$aAdvances in imaging and electron physics 440 1$1001$12001$aAdvances in electronics 676 $a537.5 801 0$aIT$bsalbc$gISBD 912 $a990000819070203316 958 $aTEC$bDIIIE FONDO$c66(1986)-89(1994). Manca 79 (1990) 959 $aSE 979 $aPATTY$b90$c20011220$lUSA01$h1516 979 $aPATTY$b90$c20020301$lUSA01$h1335 979 $aPATTY$b90$c20020301$lUSA01$h1337 979 $aPATTY$b90$c20020301$lUSA01$h1339 979 $aPATTY$b90$c20020301$lUSA01$h1340 979 $c20020403$lUSA01$h1728 979 $aPATRY$b90$c20040406$lUSA01$h1656 979 $aVITTORIANA$b90$c20070410$lUSA01$h1600 979 $aVITTORIANA$b90$c20070410$lUSA01$h1600 979 $aVITTORIANA$b90$c20070410$lUSA01$h1613 979 $aVITTORIANA$b90$c20070410$lUSA01$h1614 979 $aVITTORIANA$b90$c20070410$lUSA01$h1615 996 $aAdvances in electronics and electron physics$960345 997 $aUNISA LEADER 02183nam 2200421 450 001 9910735583803321 005 20230821164550.0 010 $a3-7489-1817-8 024 7 $a10.5771/9783748918172 035 $a(CKB)5580000000567137 035 $a(NjHacI)995580000000567137 035 $a(EXLCZ)995580000000567137 100 $a20230821d2023 uy 0 101 0 $ager 135 $aur||||||||||| 181 $ctxt$2rdacontent 182 $cc$2rdamedia 183 $acr$2rdacarrier 200 10$aRegulatorische Mo?glichkeiten einer Installierung von Patientenlotsen im Sozialleistungssystem und Einscha?tzungen zur gesetzgeberischen Umsetzung /$fGerhard Igl 205 $aErste Auflage. 210 1$aBaden-Baden :$cNomos,$d2023. 215 $a1 online resource (213 pages) 225 1 $aSchriften zum Sozialrecht ;$vBand 7 311 $a3-7560-1307-3 330 $aDas hier vorliegende Gutachten fu?r die Stiftung Deutsche Schlaganfall-Hilfe befasst sich mit den verschiedenen regulatorischen Mo?glichkeiten einer Installierung von Patientenlotsen im Sozialleistungssystem und liefert dazu Einscha?tzungen fu?r eine gesetzgeberische Umsetzung. Im Hauptteil des Gutachtens werden u. a. bedarfsauslo?sende Situationen, Leistungsinhalte, Adressaten, Bereitstellung einer Infrastruktur an Patientenlotsen, Finanzierungsfragen, Qualifikation des Patientenlotsen behandelt. Im Vordergrund steht die Organisation der Leistungserbringung von Patientenlotsen. Ebenso werden Fragen der Zusammenarbeit verschiedener Leistungstra?ger, so auch der Zusammenarbeit von kommunalen Gebietsko?rperschaften und Sozialleistungstra?gern, ero?rtert. 410 0$aSchriften zum Sozialrecht ;$vBand 7. 606 $aSocial security 606 $aHealth insurance 615 0$aSocial security. 615 0$aHealth insurance. 676 $a368.38 700 $aIgl$b Gerhard$0611398 801 0$bNjHacI 801 1$bNjHacl 906 $aBOOK 912 $a9910735583803321 996 $aRegulatorische Mo?glichkeiten einer Installierung von Patientenlotsen im Sozialleistungssystem und Einscha?tzungen zur gesetzgeberischen Umsetzung$93422253 997 $aUNINA